[Event "TCh-FRA Top 16 Haute 2023"]
[Site "Chartres FRA"]
[Date "2023.06.10"]
[Round "3.4"]
[Board "3"]
[White "Grigoryan, Karen H."]
[Black "Maghsoodloo, Parham"]
[Result "0-1"]
[WhiteTitle "GM"]
[BlackTitle "GM"]
[WhiteElo "2626"]
[BlackElo "2716"]
[WhiteTeam "Lyon Olympique Echecs"]
[BlackTeam "Clichy Echecs 92"]
[WhiteFideId "13301004"]
[BlackFideId "12539929"]
[EventDate "2023.06.08"]

1. d4 Nf6 2. c4 e6 3. Nc3 d5 4. cxd5 exd5 5. Bg5 Bb4 6. e3 h6 7. Qa4+ Nc6 8.
Bxf6 Qxf6 9. Bb5 O-O 10. Ne2 Bxc3+ 11. bxc3 Ne7 12. O-O Bf5 13. Ng3 Bg6 14. Be2
c5 15. Qb5 Qb6 16. a4 c4 17. Ra2 Qxb5 18. axb5 a5 19. bxa6 Rxa6 20. Rb2 Rb8 21.
h4 b5 22. h5 Bh7 23. Bf3 Ra3 24. Rc1 Kf8 25. Ne2 g5 26. hxg6 fxg6 27. Nf4 Bg8
28. Bg4 Rb6 29. Ne2 g5 30. Rcb1 Ra5 31. f4 Bh7 32. Rf1 Kg7 33. fxg5 hxg5 34. Ng3
Bg6 35. Rbf2 Rba6 36. Rb2 Rf6 37. Rc1 Rfa6 38. Kh2 Ng8 39. Rf1 Nf6 40. Bd1 Bd3
41. Re1 Kg6 42. Kg1 Rb6 43. Bf3 Ra3 44. Rc1 Rb3 45. Ra2 b4 46. cxb4 R6xb4 47.
Raa1 Rb2 48. Kh2 g4 49. Bd1 Rd2 50. Ba4 Rbb2 51. Rg1 Kg5 52. Bc6 Rb8 53. Rgd1
Rxd1 54. Rxd1 Rb6 55. Ba8 Ne4 56. Nf1 g3+ 57. Nxg3 Rh6+ 58. Kg1 Nxg3 0-1

[Event "TCh-FRA Top 16 Haute 2023"]
[Site "Chartres FRA"]
[Date "2023.06.10"]
[Round "3.4"]
[Board "4"]
[White "Tregubov, Pavel V."]
[Black "Vernay, Clovis"]
[Result "1-0"]
[WhiteTitle "GM"]
[BlackTitle "GM"]
[WhiteElo "2553"]
[BlackElo "2491"]
[WhiteTeam "Clichy Echecs 92"]
[BlackTeam "Lyon Olympique Echecs"]
[WhiteFideId "4115341"]
[BlackFideId "633046"]
[EventDate "2023.06.08"]

1. e4 e6 2. d4 d5 3. e5 c5 4. c3 Nc6 5. Nf3 Qb6 6. Be2 cxd4 7. cxd4 Nh6 8. Bxh6
Qxb2 9. Nbd2 gxh6 10. O-O a6 11. Nb3 Qa3 12. Qd2 b6 13. Rab1 Bd7 14. Nc1 b5 15.
Nb3 Rc8 16. Rfc1 Nd8 17. Rxc8 Bxc8 18. Nc5 Nc6 19. Rb3 Qa5 20. Qc1 Bxc5 21. Qxc5
Bb7 22. Rb2 Kd7 23. Qd6+ Kc8 24. Rc2 Qc7 25. Qa3 Kb8 26. h4 Qe7 27. Qc1 Nb4 28.
Rc5 Qd7 29. Qd2 Nc6 30. Qxh6 Qe7 31. Qg7 Qf8 32. Qf6 h6 33. Qf4 Ka7 34. Nd2 Qg7
35. Nb3 Rg8 36. g3 Rf8 37. Rc3 f6 38. Rf3 f5 39. Nc5 Qe7 40. Rd3 Bc8 41. Rc3 Kb6
42. Bd1 Rh8 43. Rc1 Rh7 44. Qe3 Qf8 45. Nd3 Na5 46. Rc5 Nb7 47. Rc1 Na5 48. a4
Nc4 49. Qe1 Qa3 50. Bc2 Rc7 51. Ra1 Qe7 52. Bb3 Na5 53. Nc5 Nc6 54. axb5 axb5
55. Qc3 Ra7 56. Rc1 Rc7 57. Rb1 Ra7 58. Ba4 1-0

[Event "TCh-FRA Top 16 Haute 2023"]
[Site "Chartres FRA"]
[Date "2023.06.10"]
[Round "3.4"]
[Board "5"]
[White "Crut, Aurelien"]
[Black "Libiszewski, Fabien"]
[Result "0-1"]
[WhiteTitle "IM"]
[BlackTitle "GM"]
[WhiteElo "2343"]
[BlackElo "2498"]
[WhiteTeam "Lyon Olympique Echecs"]
[BlackTeam "Clichy Echecs 92"]
[WhiteFideId "610569"]
[BlackFideId "616834"]
[EventDate "2023.06.08"]

1. e4 e5 2. Nf3 Nc6 3. Bb5 a6 4. Bxc6 dxc6 5. O-O Bg4 6. h3 Bh5 7. g4 Bg6 8.
Nxe5 Qh4 9. Qf3 f6 10. Nxg6 hxg6 11. Kg2 g5 12. d3 Ne7 13. Rh1 Qh7 14. Be3 Ng6
15. Kf1 Nh4 16. Qe2 O-O-O 17. Nd2 Bd6 18. Nf3 Ng6 19. a3 Qg8 20. Kg2 Qe6 21.
Rae1 Rh7 22. c4 Rdh8 23. Ng1 c5 24. f3 Rd8 25. Rd1 Ne5 26. b4 Ng6 27. Qf2 cxb4
28. axb4 Bxb4 29. Qb2 a5 30. Ne2 Ne5 31. Qc2 Qa6 32. Bf2 g6 33. d4 Qxc4 34. Rc1
Qxc2 35. Rxc2 Nd3 36. Bg3 Bd6 37. Bxd6 Rxd6 38. d5 Kb8 39. Ra1 b6 40. Kg3 Rd8
41. Rc3 Ne5 42. Nd4 c5 43. Ne6 Rdh8 44. Rh1 c4 45. Nd4 Kb7 46. f4 gxf4+ 47. Kxf4
Ka6 48. Nc6 Nxc6 49. dxc6 b5 50. e5 fxe5+ 51. Kxe5 Rc7 52. Kf6 Rxc6+ 53. Kg7 Rb8
54. Rf1 Rb7+ 55. Kh6 b4 56. Rcc1 c3 57. g5 b3 58. Rf6 Rxf6 59. gxf6 b2 0-1

[Event "TCh-FRA Top 16 Haute 2023"]
[Site "Chartres FRA"]
[Date "2023.06.10"]
[Round "3.4"]
[Board "6"]
[White "Hamdouchi, Hicham"]
[Black "Buscara, Sevan"]
[Result "1/2-1/2"]
[WhiteTitle "GM"]
[BlackTitle "IM"]
[WhiteElo "2526"]
[BlackElo "2361"]
[WhiteTeam "Clichy Echecs 92"]
[BlackTeam "Lyon Olympique Echecs"]
[WhiteFideId "9000011"]
[BlackFideId "650234"]
[EventDate "2023.06.08"]

1. e4 e5 2. Nf3 Nc6 3. Bb5 a6 4. Ba4 Nf6 5. O-O Be7 6. Bxc6 dxc6 7. Re1 Nd7 8.
d4 exd4 9. Qxd4 O-O 10. Bf4 Bf6 11. e5 Be7 12. Nbd2 Nc5 13. Qc3 Ne6 14. Bg3 Qd5
15. Nc4 a5 16. Ne3 Qe4 17. a3 Rd8 18. Rad1 Rxd1 19. Rxd1 h6 20. h3 a4 21. Kh2
Kh7 22. Nd4 Nf4 23. Ndf5 Ne2 24. Qd3 Qxd3 25. Rxd3 Bc5 26. Rd8 b5 27. c3 h5 28.
Bh4 Nf4 29. Ne7 Bxe7 30. Bxe7 Ng6 31. Bg5 Nxe5 32. Bf4 Ng6 33. Bxc7 Ne7 34. Bd6
Nd5 35. Nxd5 cxd5 36. Bc5 Kg6 37. Bd4 f6 38. Rxd5 Rb8 39. Rd8 Ra8 40. g4 hxg4
41. hxg4 Bb7 42. Rd6 Bf3 43. Kg3 Be2 44. f4 Rf8 45. Rd7 Bc4 46. f5+ Kh6 47. Kf4
Rf7 48. Rd8 Kh7 49. Bc5 Rb7 50. g5 fxg5+ 51. Kxg5 Rf7 52. Bd4 Rc7 53. Re8 Rd7
54. Rc8 Bd3 55. Re8 Bc4 56. f6 Rd5+ 57. Be5 gxf6+ 58. Kxf6 Rd1 59. Bd4 Rd2 60.
Re5 Re2 61. Rh5+ Kg8 62. Be5 Rf2+ 63. Ke7 Rf7+ 64. Kd6 Rf2 65. Bd4 Re2 66. Kd7
Kf7 67. Rf5+ Kg6 68. Rf2 1/2-1/2

[Event "TCh-FRA Top 16 Haute 2023"]
[Site "Chartres FRA"]
[Date "2023.06.10"]
[Round "3.4"]
[Board "7"]
[White "Benitah, Yohan"]
[Black "Delorme, Axel"]
[Result "0-1"]
[WhiteTitle "IM"]
[BlackTitle "GM"]
[WhiteElo "2361"]
[BlackElo "2483"]
[WhiteTeam "Lyon Olympique Echecs"]
[BlackTeam "Clichy Echecs 92"]
[WhiteFideId "609560"]
[BlackFideId "632023"]
[EventDate "2023.06.08"]

1. d4 d5 2. c4 e6 3. Nc3 c6 4. e3 f5 5. Bd3 Nf6 6. Nge2 Bd6 7. Qc2 O-O 8. f3
Nbd7 9. O-O Kh8 10. b3 dxc4 11. bxc4 c5 12. Bb2 a6 13. Rad1 Qc7 14. h3 b5 15.
Nb1 bxc4 16. Bxc4 Nb6 17. Nd2 cxd4 18. Nxd4 e5 19. N4b3 Be6 20. Bd3 Qa7 21. Rfe1
Rac8 22. Qb1 Nfd5 23. Qa1 Nxe3 24. Rxe3 Bxb3 25. axb3 Nd5 26. Bd4 exd4 27. Ree1
Nb4 28. Qb1 Bf4 29. Nf1 Be3+ 30. Kh1 Nxd3 31. Rxd3 f4 32. b4 Qb6 33. Qb3 Rf5 34.
Rb1 Rb5 35. Rdd1 Rb8 36. Qd3 h6 37. Qe4 Qf6 38. Nxe3 dxe3 39. Rd4 Rf8 40. Rd5
Rxd5 41. Qxd5 Re8 42. Qd3 Qh4 43. Qe2 Qf2 44. Rb2 Qxe2 45. Rxe2 Rb8 46. Rb2 Rb5
47. Ra2 Rxb4 48. g3 Rb1+ 49. Kg2 Rd1 50. Rxa6 e2 0-1

[Event "TCh-FRA Top 16 Haute 2023"]
[Site "Chartres FRA"]
[Date "2023.06.10"]
[Round "3.4"]
[Board "8"]
[White "Benmesbah, Natacha"]
[Black "Djidjeli, Sarah"]
[Result "1/2-1/2"]
[WhiteTitle "WIM"]
[BlackTitle "WFM"]
[WhiteElo "2279"]
[BlackElo "2018"]
[WhiteTeam "Clichy Echecs 92"]
[BlackTeam "Lyon Olympique Echecs"]
[WhiteFideId "642002"]
[BlackFideId "36067474"]
[EventDate "2023.06.08"]

1. e4 c5 2. Nf3 Nc6 3. Bb5 e5 4. O-O Bd6 5. a4 Nf6 6. d3 O-O 7. Bg5 a6 8. Bc4
Be7 9. Bxf6 Bxf6 10. Nc3 d6 11. Nd5 Be6 12. Qd2 Rb8 13. a5 Bg4 14. Qe3 g6 15.
Ra3 Bg7 16. Rfa1 h6 17. h3 Be6 18. Qe1 Kh7 19. Ne3 Qe7 20. c3 f5 21. Qd1 Qf7 22.
Qb3 Bxc4 23. Qxc4 Qd7 24. Nd5 Rbe8 25. Rb3 Rf7 26. Nd2 Ref8 27. f3 Nxa5 28. Rxa5
b5 29. Rbxb5 axb5 30. Qxb5 Qd8 31. Nc4 fxe4 32. dxe4 Qg5 33. Kf2 Qh4+ 34. Ke2
Qg3 35. Nce3 h5 36. Qb6 Qh2 37. Kd3 Qg1 38. Ra6 Qb1+ 39. Ke2 Rd7 40. Qb5 Rff7
41. Rb6 Ra7 42. Qd3 Qa1 43. Qd1 Qa2 44. Qb3 Qb1 45. Qd1 Qa2 46. Qb3 Qb1 47. Qc2
Qa2 48. Qb3 1/2-1/2

[Event "TCh-FRA Top 16 Haute 2023"]
[Site "Chartres FRA"]
[Date "2023.06.11"]
[Round "4.2"]
[Board "2"]
[White "Mamedov, Rauf"]
[Black "Saric, Ivan"]
[Result "1/2-1/2"]
[WhiteTitle "GM"]
[BlackTitle "GM"]
[WhiteElo "2642"]
[BlackElo "2670"]
[WhiteTeam "C'Chartres Echecs"]
[BlackTeam "Grasse Echecs"]
[WhiteFideId "13401653"]
[BlackFideId "14508150"]
[EventDate "2023.06.08"]

1. e4 c5 2. c3 d5 3. exd5 Nf6 4. Nf3 Nxd5 5. Bb5+ Nd7 6. d4 cxd4 7. Qxd4 e6 8.
O-O Qb6 9. Qxb6 Nxb6 10. Nbd2 a6 11. Be2 Be7 12. Rd1 f6 13. Ne4 Nc5 14. Nxc5
Bxc5 15. Nd2 Be7 16. Nb3 Kf7 17. Be3 Nd5 18. Bd4 a5 19. a4 Bd7 20. c4 Nf4 21.
Bf1 Bc6 22. Bb6 Bb4 23. Nd4 Ke7 24. g3 Ng6 25. Nxc6+ bxc6 26. Bg2 Ne5 27. b3
Rhc8 28. Be3 Rab8 29. h3 Nd7 30. Ra2 Nc5 31. Rb2 e5 32. h4 Ne6 33. h5 Bc3 34.
Rbb1 Bd4 35. Bd2 Nc5 36. Bxa5 Rxb3 37. Bb4 Rxb1 38. Rxb1 Kd6 39. Be4 g6 40. hxg6
hxg6 41. Kg2 Ra8 42. Bc2 Kc7 43. a5 Nb7 44. Rh1 Nxa5 45. c5 Nb7 46. Rh7+ Kb8 47.
Rh8+ Ka7 48. Rh7 Kb8 49. Rh8+ 1/2-1/2

[Event "TCh-FRA Top 16 Haute 2023"]
[Site "Chartres FRA"]
[Date "2023.06.11"]
[Round "4.3"]
[Board "1"]
[White "Maghsoodloo, Parham"]
[Black "Salgado Lopez, Ivan"]
[Result "1/2-1/2"]
[WhiteTitle "GM"]
[BlackTitle "GM"]
[WhiteElo "2716"]
[BlackElo "2591"]
[WhiteTeam "Clichy Echecs 92"]
[BlackTeam "Echiquier Chalonnais"]
[WhiteFideId "12539929"]
[BlackFideId "2257327"]
[EventDate "2023.06.08"]

1. Nf3 d5 2. g3 g6 3. Bg2 Bg7 4. d4 Nf6 5. O-O O-O 6. c4 c6 7. Nbd2 a5 8. Ne5 a4
9. e3 Nbd7 10. f4 c5 11. cxd5 cxd4 12. Ndc4 Nxe5 13. fxe5 Nxd5 14. Qxd4 Be6 15.
Nd2 Qb6 16. Nf3 Qxd4 17. exd4 h6 18. Bd2 Rfc8 19. Rfc1 Nb6 20. Ne1 Bd5 21. Bxd5
Nxd5 22. Kf2 f6 23. Nd3 b6 24. Kf3 Kf7 25. Ke4 e6 26. Nf4 fxe5 27. dxe5 Nxf4 28.
Bxf4 b5 29. Be3 Ke8 30. b3 Bf8 31. Rxc8+ Rxc8 32. Rf1 Bg7 33. Rd1 Bf8 34. Rf1 1/2-1/2

[Event "TCh-FRA Top 16 Haute 2023"]
[Site "Chartres FRA"]
[Date "2023.06.11"]
[Round "4.3"]
[Board "2"]
[White "Fedorchuk, Sergey A."]
[Black "Gharamian, Tigran"]
[Result "1/2-1/2"]
[WhiteTitle "GM"]
[BlackTitle "GM"]
[WhiteElo "2579"]
[BlackElo "2601"]
[WhiteTeam "Echiquier Chalonnais"]
[BlackTeam "Clichy Echecs 92"]
[WhiteFideId "14102536"]
[BlackFideId "13301527"]
[EventDate "2023.06.08"]

1. e4 c6 2. Nf3 d5 3. d3 dxe4 4. dxe4 Qxd1+ 5. Kxd1 Nf6 6. Nbd2 g6 7. Ne5 Bh6 8.
f3 Be6 9. Bc4 Bxc4 10. Ndxc4 Bxc1 11. Kxc1 Nbd7 12. Nd3 O-O-O 13. a4 Ne8 14. a5
Nd6 15. Ra4 Kc7 16. Rd1 Rhf8 17. Re1 Nb5 18. e5 Nd4 19. Ne3 Ne6 20. Rc4 b5 21.
axb6+ axb6 22. Nd5+ Kb7 23. N5f4 Ndc5 24. Nxc5+ 1/2-1/2

[Event "TCh-FRA Top 16 Haute 2023"]
[Site "Chartres FRA"]
[Date "2023.06.11"]
[Round "4.3"]
[Board "3"]
[White "Van Foreest, Jorden"]
[Black "Korobov, Anton"]
[Result "1/2-1/2"]
[WhiteTitle "GM"]
[BlackTitle "GM"]
[WhiteElo "2695"]
[BlackElo "2661"]
[WhiteTeam "Clichy Echecs 92"]
[BlackTeam "Echiquier Chalonnais"]
[WhiteFideId "1039784"]
[BlackFideId "14105730"]
[EventDate "2023.06.08"]

1. e4 c5 2. Nf3 d6 3. d4 cxd4 4. Nxd4 Nf6 5. Nc3 a6 6. h4 Nc6 7. Nxc6 bxc6 8. h5
h6 9. e5 dxe5 10. Qxd8+ Kxd8 11. Bd2 Bg4 12. Na4 e6 13. f3 Bxh5 14. Bc3 Bg6 15.
Nb6 Ra7 16. O-O-O+ Nd5 17. Bxe5 Ke8 18. Na4 c5 19. Rd2 Be7 20. Bxg7 Rh7 21. Be5
Bg5 22. Nxc5 f6 23. Bg3 e5 24. f4 Nxf4 25. Bh4 e4 26. Bxg5 hxg5 27. Rxh7 Rxh7
28. Bxa6 Rh1+ 29. Rd1 Rxd1+ 30. Kxd1 Nxg2 31. a4 g4 32. Bb7 Ne3+ 33. Ke2 Nxc2
34. a5 Ke7 35. a6 Nd4+ 36. Ke3 Nb5 37. b4 Kd6 38. Bxe4 Bxe4 39. Nxe4+ Kc6 40.
Nxf6 g3 41. a7 Nxa7 42. Kf3 Kb5 43. Kxg3 Kxb4 1/2-1/2

[Event "TCh-FRA Top 16 Haute 2023"]
[Site "Chartres FRA"]
[Date "2023.06.11"]
[Round "4.3"]
[Board "4"]
[White "Grandelius, Nils"]
[Black "Amin, Bassem"]
[Result "1/2-1/2"]
[WhiteTitle "GM"]
[BlackTitle "GM"]
[WhiteElo "2674"]
[BlackElo "2690"]
[WhiteTeam "Echiquier Chalonnais"]
[BlackTeam "Clichy Echecs 92"]
[WhiteFideId "1710400"]
[BlackFideId "10601457"]
[EventDate "2023.06.08"]

1. e4 e5 2. Nf3 Nc6 3. Bb5 a6 4. Ba4 Nf6 5. O-O Be7 6. Re1 b5 7. Bb3 d6 8. c3
O-O 9. h3 Nb8 10. d4 Nbd7 11. Nbd2 Bb7 12. Bc2 Re8 13. a4 Bf8 14. Bd3 c6 15. Nf1
d5 16. Bg5 dxe4 17. Rxe4 Be7 18. Bxf6 Bxf6 19. dxe5 Nxe5 20. Nxe5 Bxe5 21. Qe2
Bf6 22. Re1 Rf8 23. Rd1 Qc7 24. Ne3 c5 25. Ng4 Qc6 26. axb5 axb5 27. Nxf6+ Qxf6
28. Re7 Bc6 29. Qh5 g6 30. Qxc5 Rfd8 31. Ree1 Rd5 32. Qb6 Kg7 33. Bf1 Re8 34.
Ra1 Red8 35. Qe3 Re8 36. Qb6 Red8 37. b3 Rg5 38. Qe3 Re8 39. Qd4 Qxd4 40. cxd4
Rd8 41. Rac1 Rd6 42. Re5 h6 43. Rcc5 Ba8 44. Rxg5 hxg5 45. Bxb5 Rxd4 46. Rxg5
Rd1+ 47. Kh2 Rd2 48. f4 Rf2 49. Bc4 f5 50. Rg3 Rxf4 51. Re3 g5 52. Re7+ Kf6 53.
Re6+ Kg7 54. Re8 Be4 55. Kg1 Kf6 56. Re6+ Kg7 57. Re7+ Kf6 58. Rf7+ Ke5 59. Rg7
Kf6 60. Rg8 Bc2 61. Rf8+ Kg7 62. Rd8 Be4 63. Rd7+ Kf6 64. Rd6+ Kg7 65. Rd4 g4
66. hxg4 Rxg4 67. Rd2 Kf6 68. Bf1 Ke5 69. b4 Bxg2 70. Bxg2 Rxb4 71. Kf2 Kf4 72.
Ra2 Rc4 73. Bf1 Rc3 74. Ra4+ Kg5 75. Rd4 Kf6 76. Bd3 Ke5 77. Rd8 Ra3 78. Ke3 Ra5
79. Rf8 Ke6 80. Bc2 Ke7 81. Rc8 Kd6 82. Rd8+ Ke5 83. Re8+ Kf6 84. Kf4 Rc5 85.
Bb3 Rb5 86. Re6+ Kg7 87. Bc2 Kf7 88. Bxf5 1/2-1/2

[Event "TCh-FRA Top 16 Haute 2023"]
[Site "Chartres FRA"]
[Date "2023.06.11"]
[Round "4.3"]
[Board "5"]
[White "Delorme, Axel"]
[Black "Dorfman, Iossif"]
[Result "1/2-1/2"]
[WhiteTitle "GM"]
[BlackTitle "GM"]
[WhiteElo "2483"]
[BlackElo "2541"]
[WhiteTeam "Clichy Echecs 92"]
[BlackTeam "Echiquier Chalonnais"]
[WhiteFideId "632023"]
[BlackFideId "604011"]
[EventDate "2023.06.08"]

1. e4 e5 2. Nf3 Nc6 3. Nc3 Nf6 4. d4 exd4 5. Nxd4 Bb4 6. Nxc6 bxc6 7. Bd3 O-O 8.
O-O d5 9. Bd2 Rb8 10. Re1 Bg4 11. Qc1 Re8 12. exd5 1/2-1/2

[Event "TCh-FRA Top 16 Haute 2023"]
[Site "Chartres FRA"]
[Date "2023.06.11"]
[Round "4.3"]
[Board "7"]
[White "Tregubov, Pavel V."]
[Black "Velten, Paul"]
[Result "1/2-1/2"]
[WhiteTitle "GM"]
[BlackTitle "GM"]
[WhiteElo "2553"]
[BlackElo "2493"]
[WhiteTeam "Clichy Echecs 92"]
[BlackTeam "Echiquier Chalonnais"]
[WhiteFideId "4115341"]
[BlackFideId "681091"]
[EventDate "2023.06.08"]

1. e4 c6 2. Nf3 d5 3. Nc3 Bg4 4. h3 Bxf3 5. Qxf3 e6 6. Be2 Nf6 7. O-O Nbd7 8. d4
dxe4 9. Nxe4 Nxe4 10. Qxe4 Nf6 11. Qd3 Bd6 12. c4 Qc7 13. Qf3 O-O 14. Bg5 Be7
15. Rfd1 Rfd8 16. Be3 Rd7 17. a3 Rad8 18. Rd2 a6 19. Rad1 Qa5 20. Bf4 Bd6 21.
Be3 Be7 22. Rd3 Qa4 23. Rc1 c5 24. d5 exd5 25. cxd5 Nxd5 26. Bxc5 Bxc5 27. Rxc5
Nf4 28. Rxd7 Nxe2+ 29. Qxe2 Qxd7 30. Qe5 Rc8 31. Rd5 Qc6 32. Rd6 Qc1+ 33. Kh2
Qc7 34. g3 Rd8 35. Rd5 Qb6 36. Qe3 Qf6 37. Rxd8+ 1/2-1/2

[Event "TCh-FRA Top 16 Haute 2023"]
[Site "Chartres FRA"]
[Date "2023.06.11"]
[Round "4.4"]
[Board "1"]
[White "Mendonca, Leon Luke"]
[Black "Vidit, Santosh Gujrathi"]
[Result "1/2-1/2"]
[WhiteTitle "GM"]
[BlackTitle "GM"]
[WhiteElo "2623"]
[BlackElo "2712"]
[WhiteTeam "Mulhouse Philidor"]
[BlackTeam "Lyon Olympique Echecs"]
[WhiteFideId "35028561"]
[BlackFideId "5029465"]
[EventDate "2023.06.08"]

1. d4 d5 2. c4 dxc4 3. Nf3 Nf6 4. e3 e6 5. Bxc4 c5 6. O-O Nc6 7. Nc3 a6 8. d5
Na5 9. b3 b5 10. Bd3 b4 11. Ne4 exd5 12. Nxf6+ Qxf6 13. Rb1 Nc6 14. h3 Bb7 15.
e4 Ne5 16. Nxe5 Qxe5 17. exd5 Qxd5 18. Re1+ Be7 19. Qg4 Qxd3 20. Bg5 O-O 1/2-1/2

[Event "TCh-FRA Top 16 Haute 2023"]
[Site "Chartres FRA"]
[Date "2023.06.11"]
[Round "4.4"]
[Board "2"]
[White "Pichot, Alan"]
[Black "Narayanan, S.L."]
[Result "1/2-1/2"]
[WhiteTitle "GM"]
[BlackTitle "GM"]
[WhiteElo "2638"]
[BlackElo "2657"]
[WhiteTeam "Lyon Olympique Echecs"]
[BlackTeam "Mulhouse Philidor"]
[WhiteFideId "110973"]
[BlackFideId "5058422"]
[EventDate "2023.06.08"]

1. e4 c5 2. Nf3 Nc6 3. d4 cxd4 4. Nxd4 Nf6 5. Nc3 d6 6. Bg5 e6 7. Qd2 a6 8.
O-O-O Be7 9. f4 Bd7 10. Nf3 b5 11. Bxf6 gxf6 12. f5 Qb6 13. Qh6 O-O-O 14. Qh5
Rhf8 15. Kb1 Ne5 16. Nd4 Rde8 17. g3 Bd8 18. Bh3 Nc4 19. fxe6 fxe6 20. Nce2 Qc5
21. Nf4 Qxh5 22. Nxh5 Rg8 23. b3 Ne3 24. Rde1 Ng4 25. Bxg4 Rxg4 26. h3 Rg5 27.
g4 f5 28. exf5 1/2-1/2

[Event "TCh-FRA Top 16 Haute 2023"]
[Site "Chartres FRA"]
[Date "2023.06.11"]
[Round "4.4"]
[Board "3"]
[White "Nihal, Sarin"]
[Black "Ter-Sahakyan, Samvel"]
[Result "1-0"]
[WhiteTitle "GM"]
[BlackTitle "GM"]
[WhiteElo "2681"]
[BlackElo "2598"]
[WhiteTeam "Mulhouse Philidor"]
[BlackTeam "Lyon Olympique Echecs"]
[WhiteFideId "25092340"]
[BlackFideId "13302531"]
[EventDate "2023.06.08"]

1. e4 c5 2. Nf3 Nc6 3. Bb5 g6 4. O-O Bg7 5. c3 Nf6 6. Re1 O-O 7. d4 d5 8. e5 Ne4
9. Bxc6 bxc6 10. Be3 Qb6 11. Qc1 Rb8 12. b3 Qa5 13. dxc5 Rxb3 14. axb3 Qa4 15.
Ra2 Qxa2 16. b4 Qa4 17. Nbd2 a5 18. Qa1 Qxa1 19. Rxa1 Nxc3 20. Rxa5 Bb7 21. Nb3
Ra8 22. Bd4 Nb5 23. Kf1 Kf8 24. Bb2 Ke8 25. Ke1 Kd8 26. h4 Rb8 27. Bc1 Kd7 28.
Bb2 Kd8 29. Ra4 Kc7 30. Nfd4 Nxd4 31. Bxd4 Bc8 32. Kd2 h6 33. Kc3 g5 34. hxg5
hxg5 35. Ra7+ Rb7 36. Ra1 Rb8 37. f3 Kb7 38. b5 cxb5 39. Kb4 e6 40. Rh1 Bd7 41.
c6+ Bxc6 42. Na5+ 1-0

[Event "TCh-FRA Top 16 Haute 2023"]
[Site "Chartres FRA"]
[Date "2023.06.11"]
[Round "4.4"]
[Board "5"]
[White "Rakotomaharo, Fy Antenaina"]
[Black "Benitah, Yohan"]
[Result "1/2-1/2"]
[WhiteTitle "IM"]
[BlackTitle "IM"]
[WhiteElo "2462"]
[BlackElo "2361"]
[WhiteTeam "Mulhouse Philidor"]
[BlackTeam "Lyon Olympique Echecs"]
[WhiteFideId "13100050"]
[BlackFideId "609560"]
[EventDate "2023.06.08"]

1. e4 e6 2. d4 d5 3. e5 c5 4. c3 Nc6 5. Nf3 Bd7 6. Bd3 cxd4 7. O-O Qb6 8. Re1
Nge7 9. h4 a6 10. Nbd2 dxc3 11. bxc3 Ng6 12. Nb3 Qc7 13. Qe2 Be7 14. h5 Nh4 15.
Nxh4 Bxh4 16. Qg4 Be7 17. Qxg7 O-O-O 18. Bxh7 Nxe5 19. Be3 Bf6 20. Qxf6 Ng4 21.
Qh4 Nxe3 22. Bd3 Nc4 23. Bxc4 Qxc4 24. Nd4 Rdg8 25. Rab1 Qc7 26. Nf3 Qc4 27. Nd4
Qc7 28. Nf3 Qc4 29. Nd4 1/2-1/2

[Event "TCh-FRA Top 16 Haute 2023"]
[Site "Chartres FRA"]
[Date "2023.06.11"]
[Round "4.4"]
[Board "6"]
[White "Buscara, Sevan"]
[Black "Zachary, Matheo"]
[Result "1/2-1/2"]
[WhiteTitle "IM"]
[BlackTitle "FM"]
[WhiteElo "2361"]
[BlackElo "2339"]
[WhiteTeam "Lyon Olympique Echecs"]
[BlackTeam "Mulhouse Philidor"]
[WhiteFideId "650234"]
[BlackFideId "26024691"]
[EventDate "2023.06.08"]

1. e4 c5 2. Nf3 Nc6 3. d4 cxd4 4. Nxd4 e5 5. Nb5 d6 6. N1c3 a6 7. Na3 b5 8. Nd5
Nce7 9. c4 Nxd5 10. exd5 bxc4 11. Nxc4 Nf6 12. Be3 Rb8 13. Be2 Be7 14. O-O O-O
15. a4 Bb7 16. Ba7 Ra8 17. Bb6 Qd7 18. Ne3 Bd8 19. a5 Bxb6 20. axb6 Qd8 21. Qb3
Nd7 22. Ra5 Qxb6 23. Qxb6 Nxb6 24. Rfa1 Ra7 25. g4 g6 26. g5 h6 27. h4 Kg7 28.
b4 hxg5 29. hxg5 Rh8 30. Bxa6 Rh5 31. Bxb7 Rxg5+ 32. Kf1 Rxb7 33. Rb5 Rb8 34.
Ra6 Nd7 35. Rxb8 Nxb8 36. Rxd6 Rh5 37. b5 Rh1+ 38. Ke2 Rb1 39. b6 Na6 40. Nc4
Nc5 41. Rc6 Nd7 42. Rd6 Nf6 43. Rd8 Rb4 44. d6 e4 45. Rc8 Nd7 46. Rc7 Nxb6 47.
Ne5 Kf6 48. Nxf7 Rd4 49. Rb7 Ke6 50. Ng5+ Kf5 51. Rxb6 Kxg5 52. Ke3 Rd1 53. Kxe4
Kf6 54. d7+ Ke7 55. Rxg6 Kxd7 56. Kf5 Ke7 57. Ra6 Rb1 58. f4 Kf7 59. Ra7+ Kf8
60. Kg5 Rb6 61. f5 Rc6 62. f6 Rc1 63. Kg6 1/2-1/2

[Event "TCh-FRA Top 16 Haute 2023"]
[Site "Chartres FRA"]
[Date "2023.06.11"]
[Round "4.4"]
[Board "7"]
[White "Papadiamandis, Elliot"]
[Black "Crut, Aurelien"]
[Result "1-0"]
[WhiteTitle "IM"]
[BlackTitle "IM"]
[WhiteElo "2320"]
[BlackElo "2343"]
[WhiteTeam "Mulhouse Philidor"]
[BlackTeam "Lyon Olympique Echecs"]
[WhiteFideId "36074160"]
[BlackFideId "610569"]
[EventDate "2023.06.08"]

1. e4 e6 2. d4 d5 3. e5 c5 4. c3 Nc6 5. Nf3 Bd7 6. Be2 Nge7 7. Na3 cxd4 8. cxd4
Nf5 9. Nc2 Qb6 10. O-O Na5 11. Bd2 Nc4 12. Bc3 Nxb2 13. Bxb2 Qxb2 14. Rb1 Qxa2
15. Rxb7 Rc8 16. Bd3 Bc6 17. Rb1 Qa5 18. Ra1 Qc7 19. Ra6 Be7 20. Qa1 O-O 21.
Bxf5 exf5 22. Ne3 Qd7 23. Rxa7 Qe6 24. Nxf5 Qxf5 25. Rxe7 Bb5 26. Re1 Bd3 27. e6
fxe6 28. Qa7 Be4 29. Rxg7+ Kh8 30. Rg3 Qf6 31. h3 Rc2 32. Rf1 Bg6 33. Kh2 Re2
34. Ne5 Rg8 35. Qc7 Rxf2 36. Ng4 Rxf1 37. Nxf6 Rxf6 38. Qe5 Rf8 39. h4 Be4 40.
Rg4 h6 41. Rf4 Kg7 42. g4 Kg6 43. h5+ Kg7 44. g5 hxg5 45. Qxg5+ Bg6 46. h6+ 1-0